Die sechs nächstgelegenen Länder - Deutschland - Statistiken

Allgemein
  • Dieses Quiz wurde 115 mal gespielt
  • Das Durchschnittsergebnis liegt bei 5 aus 6
Antwortstatistiken
km Land % Korrekt
0 Schweiz
85%
0 Polen
79%
0 Luxemburg
78%
0 Niederlande
78%
0 Belgien
77%
0 Tschechien
73%
Keine übereinstimmenden Quizze gefunden
Verteilung der Resultate
Anzahl Personen mit jedem Resultat
Perzentil nach korrekt beantworteten Fragen
Ihre Resultats-Entwicklung
Sie haben dieses Quiz noch nicht gespielt